Constitución española : (Registro nro. 173144)

Detalles MARC
000 -LEADER
fixed length control field 01023cam a22003255i 4500
001 - CONTROL NUMBER
control field 23086856
006 - FIXED-LENGTH DATA ELEMENTS--ADDITIONAL MATERIAL CHARACTERISTICS--GENERAL INFORMATION
fixed length control field m o d
007 - PHYSICAL DESCRIPTION FIXED FIELD--GENERAL INFORMATION
fixed length control field cr un ---uuuua
008 - FIXED-LENGTH DATA ELEMENTS--GENERAL INFORMATION
fixed length control field 230329s2023 sp a o 000 0 spa d
010 ## - LIBRARY OF CONGRESS CONTROL NUMBER
LC control number 2023417481
020 ## - INTERNATIONAL STANDARD BOOK NUMBER
International Standard Book Number 9788411227940
035 ## -
-- 38846
040 ## - CATALOGING SOURCE
Original cataloging agency UtOrBLW
Language of cataloging eng
Description conventions rda
Transcribing agency UtOrBLW
042 ## -
-- pcc
043 ## -
-- e-sp---
050 #4 -
-- KKT2101
-- .C66 2023
082 04 -
-- 342.46029
-- 23
245 00 - TITLE STATEMENT
Title Constitución española :
Remainder of title la constitución de los niños /
Statement of responsibility, etc María Méndez Rocasolano (dir.).
264 #1 -
-- Madrid :
-- Dykinson, S.L.,
-- [2023]
300 ## - PHYSICAL DESCRIPTION
Extent 1 online resource (1 volume) :
Other physical details color illustrations
336 ## -
-- text
-- txt
-- rdacontent
337 ## -
-- computer
-- c
-- rdamedia
338 ## -
-- online resource
-- cr
-- rdacarrier
650 #0 - SUBJECT ADDED ENTRY--TOPICAL TERM
Topical term or geographic name as entry element Constitutional history
Geographic subdivision Spain.
700 1# - ADDED ENTRY--PERSONAL NAME
Personal name Méndez-Rocasolano, María,
Relator term editor.
710 1# - ADDED ENTRY--CORPORATE NAME
Corporate name or jurisdiction name as entry element Spain.
Title of a work Constitución (1978)
856 40 - LOCALIZACIÓN Y ACCESO ELECTRÓNICO
Identificador Uniforme del Recurso (URI/URL) https://app.vlex.com/#/sources/38846
942 ## -
-- RAA
999 ## -
-- 173144
-- 173144

No hay ítems disponibles.


CONTACTO


NOSOTROS


SITIOS DE INTERES

coordinacion.biblioteca.biblioteca@unienlinea.mx Misión, Visión y Objetivos Bases de datos
Directorio Bibliotecas Digitales y Repositorios
Normatividad Revistas y artículos
Convenios interbibliotecarios
Boletines



Hecho en México. Universidad Insurgentes (UIN). Todos los derechos reservados 2024. Esta página y sus contenidos pueden ser reproducidos con fines no lucrativos, siempre y cuando no se mutile, se cite la fuente completa y su dirección electrónicas. De otra forma requiere permiso previo por escrito de la institución




2024 Copyright Universidad Insurgentes | www.bibliouin.com.mx